[Event "Wch U10"]
[Site "Montesilvano"]
[Date "2024.11.23"]
[Round "8"]
[White "Anand, Tsogtbileg"]
[Black "Ramesan, Raunak Amit"]
[Result "1-0"]
[WhiteElo "1974"]
[BlackElo "1802"]
[PlyCount "81"]
[EventDate "2024.11.15"]
[EventType "swiss"]
[EventRounds "11"]
[EventCountry "ITA"]
[SourceTitle "CB48_2024"]
[SourceDate "2024.11.28"]
[SourceVersion "1"]
[SourceVersionDate "2024.11.28"]
[SourceQuality "1"]

1. e4 e5 2. Nf3 Nc6 3. Bb5 a6 4. Bxc6 dxc6 5. 0-0 Bd6 6. d4 exd4 7. Qxd4 f6 8. Be3 Be6 9. Nbd2 Ne7 10. Qc3 0-0 11. Nc4 Ng6 12. Rad1 Qe7 13. Nxd6 cxd6 14. Nd4 Rfe8 15. Rfe1 Rad8 16. f3 d5 17. Nxe6 Qxe6 18. Bb6 Rd7 19. Qb3 Qf7 20. Rd4 Rde7 21. Bc5 Re5 22. Bd6 R5e6 23. Ba3 f5 24. Rf1 Nf4 25. Kh1 Rh6 26. Qe3 Ne6 27. Rdd1 f4 28. Qg1 dxe4 29. fxe4 Ng5 30. Rd3 Nxe4 31. g3 Rf6 32. g4 Qe6 33. b3 c5 34. Bb2 Qc6 35. Qg2 Rfe6 36. Kg1 Qc7 37. Rdf3 Rf8 38. h4 Ng3 39. Qxg3 c4 40. Rxf4 Ref6 41. Bxf6 1-0

[Event "Wch U10"]
[Site "Montesilvano"]
[Date "2024.11.22"]
[Round "7"]
[White "Ramesan, Raunak Amit"]
[Black "Deepak Ambattu, Rithvik"]
[Result "1-0"]
[WhiteElo "1802"]
[BlackElo "2063"]
[PlyCount "79"]
[EventDate "2024.11.15"]
[EventType "swiss"]
[EventRounds "11"]
[EventCountry "ITA"]
[SourceTitle "CB48_2024"]
[SourceDate "2024.11.28"]
[SourceVersion "1"]
[SourceVersionDate "2024.11.28"]
[SourceQuality "1"]

1. e4 c5 2. Nf3 d6 3. d4 cxd4 4. Nxd4 Nf6 5. Nc3 a6 6. Bg5 e6 7. f4 Be7 8. Qf3 Qc7 9. 0-0-0 Nbd7 10. g4 b5 11. Bxf6 Nxf6 12. g5 Nd7 13. f5 Bxg5+ 14. Kb1 Ne5 15. Qh5 h6 16. Nxe6 Bxe6 17. fxe6 g6 18. exf7+ Kxf7 19. Qe2 Qd8 20. Qf2+ Kg7 21. Qd4 Be7 22. Bh3 Rf8 23. Nd5 Bf6 24. Nf4 Re8 25. Rhg1 Kh7 26. Qd5 Qe7 27. Nxg6 Nxg6 28. Bf5 Kh8 29. Rxg6 Qf8 30. Rdg1 Ra7 31. Be6 Bg7 32. Qd3 Qf4 33. Qd5 Rc7 34. Qh5 Rf8 35. Bf5 Qd2 36. R6g2 Qd4 37. Rxg7 Rxg7 38. Qxh6+ Kg8 39. Be6+ Rff7 40. Rxg7+ 1-0

[Event "Wch U10"]
[Site "Montesilvano"]
[Date "2024.11.15"]
[Round "1"]
[White "Enkhbileg, Gantumur"]
[Black "Ramesan, Raunak Amit"]
[Result "0-1"]
[WhiteElo "1529"]
[BlackElo "1802"]
[PlyCount "30"]
[EventDate "2024.11.15"]
[EventType "swiss"]
[EventRounds "11"]
[EventCountry "ITA"]
[SourceTitle "CB48_2024"]
[SourceDate "2024.11.28"]
[SourceVersion "1"]
[SourceVersionDate "2024.11.28"]
[SourceQuality "1"]

1. e4 e5 2. Nf3 Nc6 3. Bc4 Bc5 4. 0-0 Nf6 5. d3 d6 6. h3 a6 7. c3 0-0 8. Bb3 Ba7 9. Nbd2 Ne7 10. Re1 Ng6 11. Nf1 Re8 12. Ng3 c6 13. Ng5 d5 14. Be3 Bb6 15. Bxb6 Qxb6 0-1

[Event "Montreal op"]
[Site "Montreal"]
[Date "2024.09.15"]
[Round "4"]
[White "Both, Aaron"]
[Black "Ramesan, Raunak Amit"]
[Result "1-0"]
[WhiteElo "1921"]
[BlackElo "1722"]
[PlyCount "63"]
[EventDate "2024.09.13"]
[EventType "swiss"]
[EventRounds "5"]
[EventCountry "CAN"]
[SourceTitle "EXT 2025"]
[Source "ChessBase"]
[SourceDate "2024.10.14"]
[SourceVersion "1"]
[SourceVersionDate "2024.10.14"]
[SourceQuality "1"]

1. e4 e5 2. f4 d5 3. exd5 exf4 4. Nf3 Nf6 5. Bb5+ Bd7 6. Be2 Bd6 7. c4 0-0 8. 0-0 c6 9. dxc6 Nxc6 10. b3 Bg4 11. d4 Re8 12. Bb2 Qe7 13. Bd3 Qe3+ 14. Kh1 Nb4 15. Bc2 Bxf3 16. gxf3 Qe2 17. Na3 Rad8 18. d5 Nh5 19. Rg1 Qe7 20. Be4 Qh4 21. Rg4 Qh3 22. Qd4 Be5 23. Qf2 Bxb2 24. Qxb2 Rxe4 25. Rxg7+ Nxg7 26. fxe4 Nd3 27. Qg2 Qxg2+ 28. Kxg2 Ne5 29. Nb5 a6 30. Nd4 Ne6 31. dxe6 Rxd4 32. e7 1-0

[Event "Canadian op"]
[Site "Laval"]
[Date "2024.07.18"]
[Round "8"]
[White "Ramesan, Raunak Amit"]
[Black "Radic, Dejan"]
[Result "1-0"]
[WhiteElo "1772"]
[BlackElo "1687"]
[PlyCount "63"]
[EventDate "2024.07.13"]
[EventType "swiss"]
[EventRounds "9"]
[EventCountry "CAN"]
[SourceTitle "EXT 2025"]
[Source "ChessBase"]
[SourceDate "2024.10.14"]
[SourceVersion "1"]
[SourceVersionDate "2024.10.14"]
[SourceQuality "1"]

1. e4 c5 2. Nf3 g6 3. d4 cxd4 4. Nxd4 Nf6 5. Nc3 Nc6 6. Nxc6 dxc6 7. Qxd8+ Kxd8 8. Be3 Be6 9. 0-0-0+ Ke8 10. h3 h5 11. g3 Bh6 12. f4 Bg7 13. Bg2 Nd7 14. e5 Nb6 15. b3 Rd8 16. a4 Ra8 17. a5 Nd7 18. Na2 a6 19. Nc3 f6 20. exf6 Bxf6 21. Bd4 Kf7 22. Ne4 Bf5 23. Bxf6 Nxf6 24. Ng5+ Kg7 25. Rhe1 Rhe8 26. Bf1 Nd5 27. Bd3 Bd7 28. Ne6+ Bxe6 29. Rxe6 Nf6 30. g4 hxg4 31. hxg4 Kf7 32. Rde1 1-0

[Event "Canadian op"]
[Site "Laval"]
[Date "2024.07.16"]
[Round "5"]
[White "Guillemette, Hugo"]
[Black "Ramesan, Raunak Amit"]
[Result "1-0"]
[WhiteElo "2071"]
[BlackElo "1772"]
[PlyCount "111"]
[EventDate "2024.07.13"]
[EventType "swiss"]
[EventRounds "9"]
[EventCountry "CAN"]
[SourceTitle "EXT 2025"]
[Source "ChessBase"]
[SourceDate "2024.10.14"]
[SourceVersion "1"]
[SourceVersionDate "2024.10.14"]
[SourceQuality "1"]

1. e4 e5 2. Nf3 Nc6 3. Bb5 a6 4. Ba4 Nf6 5. 0-0 Nxe4 6. d4 b5 7. Bb3 d5 8. dxe5 Be6 9. c3 Be7 10. Bc2 0-0 11. Nbd2 Nc5 12. Nb3 Nxb3 13. axb3 f6 14. Qd3 g6 15. exf6 Bxf6 16. Bh6 Re8 17. Rfe1 Qd7 18. Bf4 Bf5 19. Qd2 Bxc2 20. Qxc2 Rxe1+ 21. Rxe1 Rf8 22. Qd2 d4 23. h3 Rd8 24. Rd1 Qe7 25. Qc2 dxc3 26. bxc3 Rxd1+ 27. Qxd1 Qd8 28. Qe2 Qd7 29. Qe3 Ne7 30. Ne5 Qd1+ 31. Kh2 Nd5 32. Qe4 Nxf4 33. Ng4 Qd6 34. g3 Nh5 35. Qe8+ Kg7 36. c4 bxc4 37. bxc4 Bd4 38. Kg2 Nf6 39. Nxf6 Bxf6 40. h4 h5 41. f4 Qd3 42. Qc6 Qd6 43. Qe8 Qc5 44. Qd7+ Kh6 45. Qe6 Qd6 46. Qe4 Qd7 47. Qa8 Qd2+ 48. Kh3 Qd1 49. Qc6 a5 50. Kh2 Bg7 51. Qxc7 a4 52. Qe7 Qc1 53. Qg5+ Kh7 54. Qa5 a3 55. f5 Qd2+ 56. Qxd2 1-0

[Event "Canadian op"]
[Site "Laval"]
[Date "2024.07.16"]
[Round "6"]
[White "Ramesan, Raunak Amit"]
[Black "Scrieciu, Cristian"]
[Result "0-1"]
[WhiteElo "1772"]
[BlackElo "1554"]
[PlyCount "78"]
[EventDate "2024.07.13"]
[EventType "swiss"]
[EventRounds "9"]
[EventCountry "CAN"]
[SourceTitle "EXT 2025"]
[Source "ChessBase"]
[SourceDate "2024.10.14"]
[SourceVersion "1"]
[SourceVersionDate "2024.10.14"]
[SourceQuality "1"]

1. e4 c5 2. Nf3 d6 3. d4 cxd4 4. Nxd4 Nf6 5. Nc3 Nc6 6. Bg5 e6 7. Qd3 Bd7 8. 0-0-0 a6 9. Qg3 Rc8 10. Be2 b5 11. Nxc6 Bxc6 12. e5 h6 13. Bxf6 gxf6 14. exd6 b4 15. Ne4 Bd5 16. Bxa6 Rxc2+ 17. Kxc2 Bxe4+ 18. Kc1 Qb6 19. d7+ Kd8 20. Bc4 Bc5 21. Qg7 Rf8 22. Qxf6+ Be7 23. Qf4 Bg5 24. Qxg5+ hxg5 25. f3 Bc6 26. Rd2 Ke7 27. Rhd1 Rd8 28. b3 Rxd7 29. Rxd7+ Bxd7 30. h3 Bb5 31. Bxb5 Qxb5 32. Rd2 Kf6 33. Kd1 Qf1+ 34. Kc2 Ke5 35. Kb2 Qa6 36. Kb1 Qb5 37. Kc1 Kf4 38. Rd4+ Ke3 39. Rd2 f5 0-1

[Event "Canadian op"]
[Site "Laval"]
[Date "2024.07.14"]
[Round "3"]
[White "Leong, Aiden"]
[Black "Ramesan, Raunak Amit"]
[Result "1-0"]
[WhiteElo "1909"]
[BlackElo "1772"]
[PlyCount "49"]
[EventDate "2024.07.13"]
[EventType "swiss"]
[EventRounds "9"]
[EventCountry "CAN"]
[SourceTitle "EXT 2025"]
[Source "ChessBase"]
[SourceDate "2024.10.14"]
[SourceVersion "1"]
[SourceVersionDate "2024.10.14"]
[SourceQuality "1"]

1. Nf3 d5 2. g3 g6 3. d4 Bg7 4. Bg2 Nf6 5. b3 c6 6. Bb2 a5 7. a3 0-0 8. 0-0 a4 9. b4 b5 10. Ne5 Nfd7 11. f4 Nxe5 12. fxe5 f6 13. exf6 exf6 14. e4 Re8 15. exd5 cxd5 16. Nc3 Bb7 17. Nxb5 Ba6 18. c4 Bb7 19. Nc3 Ra6 20. Nxd5 Rae6 21. Nf4 R6e7 22. Bxb7 Rxb7 23. d5 Rd7 24. Qf3 Bh6 25. Ne6 1-0

[Event "GEO World Cup-A U10"]
[Site "Batumi"]
[Date "2024.06.29"]
[Round "7"]
[White "Kiladze, Giorgi"]
[Black "Ramesan, Raunak Amit"]
[Result "0-1"]
[WhiteElo "1552"]
[BlackElo "1772"]
[PlyCount "62"]
[EventDate "2024.06.23"]
[EventType "swiss"]
[EventRounds "7"]
[EventCountry "GEO"]
[SourceTitle "EXT 2025"]
[Source "ChessBase"]
[SourceDate "2024.10.14"]
[SourceVersion "1"]
[SourceVersionDate "2024.10.14"]
[SourceQuality "1"]

1. e4 e5 2. Nf3 Nc6 3. Bc4 Nf6 4. Ng5 d5 5. exd5 Na5 6. Bb5+ c6 7. dxc6 bxc6 8. Qf3 Be7 9. Bxc6+ Nxc6 10. Qxc6+ Bd7 11. Qf3 0-0 12. 0-0 Rc8 13. Nc3 Bc6 14. Qe2 Nd5 15. Nf3 Nf4 16. Qxe5 Bd6 17. Qg5 f6 18. Qg4 h5 19. Qg3 Ne2+ 20. Nxe2 Bxg3 21. fxg3 Bxf3 22. gxf3 Rxc2 23. Nc3 Qd4+ 24. Kg2 Re8 25. a3 a5 26. Rb1 Qd3 27. Ra1 h4 28. gxh4 Qg6+ 29. Kh1 Qh5 30. Ne4 Qxh4 31. d3 Qxh2# 0-1

[Event "GEO World Cup-A U10"]
[Site "Batumi"]
[Date "2024.06.28"]
[Round "6"]
[White "Ramesan, Raunak Amit"]
[Black "Guntaka, Aayansh R"]
[Result "0-1"]
[WhiteElo "1772"]
[BlackElo "1872"]
[PlyCount "64"]
[EventDate "2024.06.23"]
[EventType "swiss"]
[EventRounds "7"]
[EventCountry "GEO"]
[SourceTitle "EXT 2025"]
[Source "ChessBase"]
[SourceDate "2024.10.14"]
[SourceVersion "1"]
[SourceVersionDate "2024.10.14"]
[SourceQuality "1"]

1. e4 e6 2. d4 d5 3. Nc3 Bb4 4. exd5 exd5 5. Bd3 Ne7 6. Nf3 0-0 7. 0-0 Bf5 8. Ne2 Bd6 9. Bxf5 Nxf5 10. Qd3 Qd7 11. Nf4 c6 12. Ne5 Bxe5 13. dxe5 Re8 14. Re1 Na6 15. b3 Nc5 16. Qh3 f6 17. Bb2 fxe5 18. Bxe5 Qf7 19. Nh5 Ne4 20. Bb2 d4 21. f3 Ned6 22. Rad1 Rxe1+ 23. Rxe1 Re8 24. Rd1 Re2 25. Bxd4 Nxd4 26. Rxd4 Qe7 27. Rd3 Rxc2 28. Rd1 Qe3+ 29. Kh1 Rc1 30. Nf6+ gxf6 31. Qg4+ Kh8 32. f4 Qe1+ 0-1